| 000 | 00568nam a2200229Ia 4500 | ||
|---|---|---|---|
| 003 | OSt | ||
| 005 | 20220912153050.0 | ||
| 006 | a|||||r|||| 00| 0 | ||
| 007 | ta | ||
| 008 | 220909b |||||||| |||| 00| 0 eng d | ||
| 024 | _a22664 | ||
| 037 | _cTextual | ||
| 040 |
_aCSL _beng _cCSL |
||
| 041 | _aeng | ||
| 082 | _aB334, 113J2.6 | ||
| 100 | _aBauld Bernard | ||
| 245 | 0 | _aDie mathematik des naturforschers und ingenieurs | |
| 260 | _c1952 | ||
| 300 |
_ap. _ccm. |
||
| 942 |
_hB334, 113J2.6 _cTEXL _2CC |
||
| 999 |
_c97570 _d97570 |
||